| 000 | 00717nam a2200217Ia 4500 | ||
|---|---|---|---|
| 003 | GCL | ||
| 008 | 140319s9999 xx 000 0 ara d | ||
| 040 |
_aGCL / _cGCL |
||
| 082 | 0 | 4 |
_a9530714 _bع م |
| 100 | 1 | _aعبدالملك بن صاحب الصلاه | |
| 245 | 1 | 0 |
_aالمن بالامامة - تاريخ بلاد المغرب والاندلس فى عهد الموحدين / _cعبدالملك بن صاحب الصلاه |
| 260 |
_a[S.N] : _bدار الغرب الاسلامى ، _c1987 |
||
| 300 | _a545 ص | ||
| 490 | _a | ||
| 650 | 0 | 4 | _aتاريخ |
| 650 | 0 | 4 | _aالاندلس |
| 650 | 0 | 4 | _aالمغرب |
| 650 | 0 | 4 | _aالتاريخ الاسلامى |
| 650 | 0 | 4 | _aالموحدون |
| 942 |
_2ddc _cBK |
||
| 999 |
_c42439 _d42439 |
||